01722nam a22002417a 4500003000400000005001700004008004100021020001800062040001400080041000800094082001300102100004100115245003000156264003000186300004000216521084700256650002201103650002101125942001501146999001701161952015701178952014501335OSt20250225161906.0250225b ||||| |||| 00| 0 spa d a9786287574212 cCO-Mq BPB aspa aANbPOSj aPosteguillo, Santiago;d1967-eautor aY Julia Reto a los Dioses aBogotá;bPlaneta,c2020 a786 páginas;bTapa rusticac21 cm aMantenerse en lo alto es mucho más difícil que llegar. Julia está en la cúspide de su poder, pero la traición y la división familiar amenazan con echarlo todo a perder. Para colmo de males, el médico Galeno diagnostica que la emperatriz padece lo que él, en griego, llama karkinos, y que los romanos, en latín, denominan cáncer. El enfrentamiento brutal entre sus dos hijos aboca la dinastía de Julia al colapso. En medio del dolor físico y moral que padece la augusta, cualquiera se hubiera rendido. Se acumulan tantos desastres que Julia siente que es como si luchara contra los dioses de Roma. Pero, en medio del caos, una historia de amor más fuerte que la muerte, una pasión capaz de superar pruebas imposibles emerge al rescate de Julia. Nada está perdido. La partida por el control del imperio continúa. aNovela española aNovela historica 2ddccBKLIT c15837d15837 00102ddc40708LAaBPMOSbBPMOScFICd2025-02-25eCompra 2024iNTl1oAN POSjpMOS504164r2025-07-18s2025-07-03tEj.1w2025-02-25yBKLITzQuince dias 00102ddc40708LAaBPMOSbBPMOScFICd2025-04-25eCompra 2024iNTl0oAN POSjpMOS504316r2026-02-25tEj.2w2025-04-25yBKLITzQuince dias